| 000 | 00653cam a2200205 a 4500 | ||
|---|---|---|---|
| 001 | 000015049 | ||
| 005 | 20260312134858.0 | ||
| 008 | 960313s1966 ag b 001 0 spa | ||
| 020 | _a0311461425 | ||
| 040 |
_aDO-SdBNP _bspa _cBNPHU |
||
| 082 |
_a291.5 _bG472b |
||
| 100 | 1 |
_aGiles, James E. _934060 |
|
| 245 | 1 | 0 |
_aBases bíblicas de la ética / _cJames E. Giles. |
| 260 |
_aArgentina : _bCasa Bautista de Publicaciones, _c1966. |
||
| 300 |
_a190 p. ; _c23 cm. |
||
| 504 | _aIncluye referencias bibliográficas (p. 179-183) e índices. | ||
| 650 | 0 |
_aSociología cristiana _95839 |
|
| 650 | 4 |
_aÉtica cristiana. _9389 |
|
| 650 | 0 |
_aÉtica social _91353 |
|
| 999 |
_c14622 _d14622 |
||